Les 20 jeux vidéos les plus vendus - Statistiques

Statistiques générales
  • Ce quiz a été pris 2 274 fois
  • Le résultat moyen est 7 sur 20
Statistiques - réponses
Nb de vente Jeu vidéo % Correct
162 millions Grand Theft Auto
84%
75 millions Minecraft
80%
734 millions Mario
77%
250 millions Call of duty
70%
162 millions FIFA
65%
80 millions The legend of Zelda
53%
321 millions Pokémon
48%
107 millions Tetris
44%
115 millions Sonic
37%
81 millions Assassin's creed
24%
110 millions Final Fantasy
20%
150 millions Need for Speed
17%
66 millions Donkey Kong
15%
90 millions Resident Evil
15%
72 millions Gran Turismo
12%
175 millions Les Sims
12%
64 millions Dragon Quest
4%
70 millions Pro Evolution Soccer
4%
59 millions Ape Escape
1%
58 millions WWE 2K
1%
Aucun quiz correspondant
Distribution des résultats
% des personnes avec chaque résultat
Percentile par nombre de réponses
Votre historique - résultats
Vous n’avez pas pris ce quiz